MMa's strikers grapplers ETC - Statistics

General Stats
  • This quiz has been taken 8 times
  • The average score is 40 of 305
Answer Stats
Hint Answer % Correct
DC Daniel Cormier
60%
Last Stylebender Israel Adesanya
60%
Bones Jon Jones
60%
The Eagle Khabib Nurmagomedov
60%
Borz Khamzat Chimaev
60%
Suga Sean O Malley
60%
Rumble Anthony Johnson
40%
LionHeart Anthony Smith
40%
Ahalkalakets Arman Tsarukyan
40%
Wrestler Brock Lesnar
40%
Du Bronx Charles Oliveira
40%
Bon Gamin Ciryl Gane
40%
Notorious Conor McGregor
40%
Mighty Mouse Demetrious Johnson
40%
Stillknocks Dricus Du Plessis
40%
Rush Georges St-Pierre
40%
El Matador Ilia Topuria
40%
Wrestler Islam Makhachev
40%
Colossus James Thompson
40%
Polish Power Jan Blachowicz
40%
Jackpot Kevin Jackson
40%
Immortal Matt Brown
40%
Mo Maurice Smith
40%
Blessed Max Holloway
40%
The Baddy Paddy Pimblet
40%
Rampage Quinton Jackson
40%
Rowdy Ronda Rousey
40%
Tarzan Sean Strickland
40%
Wonderboy Stephen Thompson
40%
Honey Badger Tom Aspinall
40%
Young Eagle Umar Nurmagomedov
40%
Sir Kicks A Lot Usman Nurmagomedov
40%
Striker Alexa Grasso
20%
Mauler Alexander Gustafsson
20%
The Great Alexander Volkanovski
20%
Drago Alexander Volkov
20%
Cannibal Alexandre Pantoja
20%
Poaton Alex Pereira
20%
Demolition Man Alistair Overeem
20%
Funk Master Aljamain Sterling
20%
Lioness Amanda Nunes
20%
The Spider Anderson Silva
20%
Pitbull Andrei Arlovski
20%
Showtime Anthony Pettis
20%
Bigfoot Antonio Silva
20%
El Guapo Bas Rutten
20%
Remember the name Belal Muhammad
20%
Funky Ben Askren
20%
Smooth Benson Henderson
20%
The Prodigy BJ Penn
20%
Bo Pickle Bo Nickal
20%
Assassin Baby Brandon Moreno
20%
The Truth Brandon Vera
20%
T-City Brian Ortega
20%
Cardio Cain Velasquez
20%
Nightmare Carlos Prates
20%
Black Jag Carlos Ulberg
20%
Money Chad Mendes
20%
American Gangster Chael Sonnen
20%
Korean Zombie Chan Sung Jung
20%
All America Chris Weidman
20%
Iceman Chuck Liddell
20%
No Love Cody Garbrandt
20%
Chaos Colby Covington
20%
Sandman Corey Sandhagen
20%
Razor Curtis Blaydes
20%
Hendo Dan Henderson
20%
Grappler Daniel Gracie
20%
God Of War Deiveson Figueiredo
20%
The One Derek Brunson
20%
Black Beast Derrick Lewis
20%
Balanced Diego Lopes
20%
Dominator Dominick Cruz
20%
The Devastator Dominick Reyes
20%
Cowboy Donald Cerrone
20%
The Predator Don Frye
20%
Diamond Dustin Poirier
20%
Underground King Eddie Alvarez
20%
Junior Edson Barboza
20%
Vai Cavalo Fabricio Werdum
20%
Balanced Forrest Griffin
20%
Predator Francis Ngannou
20%
The Answer Frankie Edgar
20%
The Legend Frank Shamrock
20%
Durinho Gilbert Burns
20%
The Baker Glover Teixeira
20%
Triple C Henry Cejudo
20%
Preachers Daughter Holly Holm
20%
Giacomo Jack Della Maddalena
20%
Sweet Dreams Jamhal Hill
20%
Killa Gorilla Jared Cannonier
20%
Mayhem Jason Miller
20%
Lorde Jean Silva
20%
Lil Evil Jens Pulver
20%
Lil Heathens Jeremy Stephens
20%
A-10 Jim Miller
20%
BJP Jiri Prochazka
20%
Magician John Dodson
20%
Big Rig Johny Hendricks
20%
Gamebred Jorge Masvidal
20%
Junior Jose Aldo
20%
One Punch Josh Emmett
20%
The Fearless Joshua Van
20%
Cigano Junior Dos Santos
20%
Highlight Justin Gaethje
20%
Nigerian Nightmare Kamaru Usman
20%
Worlds Most Dangerous Man Ken Shamrock
20%
Big Mouth Kevin Holland
20%
Mototown Phenom Kevin Lee
20%
The War Horse Khalil Rountree
20%
Grappler Kron Gracie
20%
Rocky Leon Edwards
20%
The Gorilla Killer Luke Rockhold
20%
Dragon Lyoto Machida
20%
Iron Lady Mackenzie Dern
20%
Big Ank Magomed Ankalaev
20%
The Hammer Mark Coleman
20%
The Italian Dream Marvin Vettori
20%
Farm Boy Matt Hughes
20%
Terror Matt Serra
20%
Shogun Mauricio Rua
20%
Machine Merab Dvalishvili
20%
The Count Michael Bisping
20%
Iron Michael Chandler
20%
Venom Michael Page
20%
Cupcake Miesha Tate
20%
King Mo Muhammad Lawal
20%
OSP Ovince St Preux
20%
Pitbull Patricio Pitbull
20%
No Mercy Petr Yan
20%
RDA Rafael Dos Anjos
20%
The Natural Randy Couture
20%
Rocky Raquel Pennington
20%
Sugar Rashad Evans
20%
The Baron Renan Barao
20%
Grappler Renzo Gracie
20%
Suave Ricco Rodriguez
20%
Reaper Robert Whittaker
20%
Grappler Rorion Gracie
20%
Thug Rose Namajunas
20%
Grappler Royce Gracie
20%
Grappler Royler Gracie
20%
Big Country Roy Nelson
20%
Grappler Ryan Gracie
20%
Wizard Ryan Hall
20%
Muscle Shark Sean Sherk
20%
The Bear Sergei Pavlovich
20%
Nomad Shavkat Rakhmonov
20%
Balanced Stipe Miocic
20%
Bam Bam Tai Tuivasa
20%
Maneiac Tim Sylvia
20%
Huntington Beach Bad Boy Tito Ortiz
20%
El Cucuy Tony Ferguson
20%
The Chosen One Tyron Woodley
20%
Striker Tyson Griffin
20%
California Kid Uriah Faber
20%
Prime Time Uriah Hall
20%
Bullet Valentina Shevchenko
20%
Phenom Vitor Belfort
20%
Axe Murderer Wanderlei Silva
20%
El Pantera Yair Rodriguez
20%
Soldier Of God Yoel Romero
20%
Magnum Zhang Weili
20%
Grim Reaper Aleksander Emelianenko
0%
El Gran Chango Alexander Hernandez
0%
Talent Allan Belcher
0%
Grappler Allan Goes
0%
Raging Al Al Laquinta
0%
Minotauro Antonio Rodrigo Nogueira
0%
Minotouro Antonio Rogerio Nogueira
0%
Big Ben Ben Rothwell
0%
Pitbull Bethe Correia
0%
Wrestler Bobby Lashley
0%
Beast Bob Sapp
0%
Big Brown Brendan Schaub
0%
All-American Brian Stann
0%
Thug Nasty Bryce Mitchell
0%
Uno Shoten Caol Uno
0%
Cookie Monster Carla Esparza
0%
Natural Born Killer Carlos Condit
0%
The Ronin Carlos Newton
0%
Alpha Cat Zingano
0%
Crazy Horse Charles Bennet
0%
Striker Cheick Kongo
0%
Cyborg Chris Cyborg
0%
Lioness Chuck Parmlee
0%
The Carpenter Clay Guida
0%
Beastin 25/8 Corey Anderson
0%
Bull Dan Bobish
0%
The Outlaw Dan Hardy
0%
The Beast Dan Severn
0%
Gorilla Darren Till
0%
The Warrior Dave Menne
0%
Tank David Abbott
0%
Grappler Demian Maia
0%
The Menace Denis Siver
0%
Nightmare Diego Sanchez
0%
El Jefe Dillon Danis
0%
Maniac Hispanic Eddie Sanchez
0%
Yamato Damashii Enson Inoue
0%
Lone Wolf Evan Tanner
0%
Last Emperor Fedor Emelianenko
0%
Grappler Frank Mir
0%
Twinkle Toes Frank Trigg
0%
Wrestler Gable Steveson
0%
Napao Gabriel Gonzaga
0%
The Giant Gan McGee
0%
Iron Lady Germaine De Randamie
0%
El Nino Gilbert Melendez
0%
Hurricane Gilbert Yvel
0%
Conviction Gina Carano
0%
Bully Gray Maynard
0%
Prince Of War Greg Hardy
0%
The Sandman Guy Mezger
0%
Texas Crazy Horse Heath Herring
0%
Grappler Hermes Franca
0%
Kogane no Judo O Hidehiko Yoshida
0%
Assassin Houston Alexander
0%
The Machine Ian Freeman
0%
The Future Ian Garry
0%
Ice Cold Igor Vovchanchyn
0%
Balanced Jake Shields
0%
Snowman Jeff Monson
0%
Gumby Jeremy Horn
0%
Grappler Jerry Bohlander
0%
Bate Estaca Jessica Andrade
0%
Joanna Champion Joanna Jedrzejczyk
0%
Jay Lau Joe Lauzon
0%
The Machine John Lober
0%
Oouha Jon Fitch
0%
Joey Two times Joseph Benavidez
0%
Warmaster Josh Barnett
0%
Kos Josh Koscheck
0%
The Punk Josh Thomson
0%
Tezmexican Devil Juiliana Pena
0%
KO Artist Justin Eilers
0%
Doug Kayla Harrison
0%
Gracie Hunter Kazushi Sakuraba
0%
Ol Iron Head Kazuyuki Fujita
0%
Dean Of Mean Keith Jardine
0%
Yakuza Kenichi Yamamoto
0%
Ken Flo Kenny Florian
0%
The Monster Kevin Randleman
0%
Kimo Kimo Leopoldo
0%
Knockout Artists Knockout Artists
0%
Polish Experiment krzysztof Soszynski
0%
King of the streets Marco Ruas
0%
Super Samoan Mark Hunt
0%
The Smashing Machine Mark Kerr
0%
Beastman Marvin Eastman
0%
The Hammer Matt Hamil
0%
The Law Matt Lindland
0%
Meathead Matt Mitrione
0%
The Young Assassin Melvin guilard
0%
No Mercy Melvin Manhoef
0%
Cro Cop Mirko Filipovic
0%
Bust a Move Murilo Bustamante
0%
Grappler Nate Diaz
0%
The Untaker Nicco Montano
0%
Grappler Nick Diaz
0%
Russian Bear Oleg Taktarov
0%
Striker Pat Barry
0%
Croatian Sensation Pat Miletich
0%
Predator Patrick Cote
0%
The Headhunter Paul Buentello
0%
Semtex Paul Daley
0%
Eraser Paulo Costa
0%
The Rock Pedro Rizzo
0%
Pistol Pete Pete Williams
0%
New York Badass Phil Baroni
0%
African Assassin Rameau Thierry Sokoudjou
0%
Babalu Renato Sobral
0%
Lion Ricardo Arona
0%
Ace Rich Franklin
0%
Ruthless Robbie Lawler
0%
Jacare Ronaldo Souza
0%
H2O Ron Waterman
0%
Toquinho Rousamar Palhares
0%
Darth Ryan Bader
0%
Hands Of Stone Sam Stout
0%
Hightower Semmy Schilt
0%
Paratrooper Sergei Kharitonov
0%
The Engineer Shane Carwin
0%
Bullet Shara Magomedov
0%
Mr. International Shonie Carter
0%
Skyscraper Stefan Struve
0%
American Psycho Stephan Bonnar
0%
Ninja Cop Steve Jennum
0%
Strikers Strikers
0%
Submission artists Submission Artists
0%
Fireball Kid Takanori Gomi
0%
Braveheart Thales Leites
0%
Pitbull Thiago Alves
0%
Marreta Thiago Santos
0%
The Barbarian Tim Boetsch
0%
Duffman Todd Duffee
0%
Hapa Travis Browne
0%
Ironman Travis Fulton
0%
No Time Volkan Oezdemir
0%
Well Ballanced Well Ballanced
0%
Wrestlers Wrestlers
0%
Thunder Yushin Okami
0%
ZaBeast Zabit Magomedsharipov
0%
No matching quizzes found
Score Distribution
Percent of People with Each Score
Percentile by Number Answered
Your Score History
You have not taken this quiz